000 00678cam a2200229 a 4500
001 1979678
005 20180124073206.0
008 890420s1989 cau b 001 0 eng
010 _a 89008189
020 _a1555421679 (alk. paper)
040 _aDLC
_cDLC
_dDLC
041 _aeng
080 _a658.4012 BEN
082 0 0 _a658.4012 BEN
_220
100 1 _a19
101 _aPOL
245 1 0 _aMastering the politics of planning :
_cGuy Benveniste.
504 _aBibliography: p. 287-307.
906 _a7
_bcbc
_corignew
_d1
_eocip
_f19
_gy-gencatlg
942 _2ddc
_cBK
999 _c40858
_d40858